Enabling legislation (Record no. 70552)
[ view plain ]
| 000 -LEADER | |
|---|---|
| fixed length control field | 00741cam a2200205 4500 |
| 001 - CONTROL NUMBER | |
| control field | X118505 |
| 008 - FIXED-LENGTH DATA ELEMENTS--GENERAL INFORMATION | |
| fixed length control field | 020624n2002 000 0 eng u |
| 035 ## - SYSTEM CONTROL NUMBER | |
| System control number | (Sirsi) u118505 |
| 100 ## - MAIN ENTRY--PERSONAL NAME | |
| Personal name | King, V. |
| 245 ## - TITLE STATEMENT | |
| Title | Enabling legislation |
| 260 ## - PUBLICATION, DISTRIBUTION, ETC. | |
| Date of publication, distribution, etc. | 2002 |
| 490 ## - SERIES STATEMENT | |
| Series statement | Estates Gazette |
| Volume/sequential designation | (0216) 20 April 2002, 176-177(2) |
| 520 ## - SUMMARY, ETC. | |
| Summary, etc. | Examines possible effect of Disability Discrimination Act 1995 on landlord and tenant relationships, mainly regarding service providers. |
| 650 ## - SUBJECT ADDED ENTRY--TOPICAL TERM | |
| Topical term or geographic name entry element | DISABILITY DISCRIMINATION ACT 1995 |
| 650 ## - SUBJECT ADDED ENTRY--TOPICAL TERM | |
| Topical term or geographic name entry element | MANAGEMENT-BUSINESS MANAGEMENT-DISCRIMINATION-DISABILITY DISCRIMINATION-ACCESSIBILITY |
| 650 ## - SUBJECT ADDED ENTRY--TOPICAL TERM | |
| Topical term or geographic name entry element | SERVICE PROVIDERS |
| 690 ## - LOCAL SUBJECT ADDED ENTRY--TOPICAL TERM (OCLC, RLIN) | |
| Topical term or geographic name as entry element | Landlord and tenant |
| 9 (RLIN) | 6252 |
| 700 ## - ADDED ENTRY--PERSONAL NAME | |
| Personal name | Williams, P.J.G |
| 942 ## - ADDED ENTRY ELEMENTS (KOHA) | |
| Suppress in OPAC | 0 |
| Withdrawn status | Lost status | Source of classification or shelving scheme | Damaged status | Not for loan | Home library | Current library | Shelving location | Date acquired | Total Checkouts | Barcode | Date last seen | Copy number | Price effective from | Koha item type |
|---|---|---|---|---|---|---|---|---|---|---|---|---|---|---|
| Dewey Decimal Classification | London | London | Journal article | 24/06/2002 | 118505-1001 | 06/08/2019 | 1 | 06/08/2019 | Journal article |